[Event "Bad Harzburg op"]
[Site "Bad Harzburg"]
[Date "2007.10.23"]
[Round "1"]
[White "Arlt, Ronald"]
[Black "Rzehak, Michael"]
[Result "1/2-1/2"]
[WhiteElo "1729"]
[BlackElo "2166"]
[PlyCount "44"]
[EventDate "2007.10.23"]
[EventType "swiss"]
[EventRounds "7"]
[EventCountry "GER"]
[SourceTitle "EXT 2009"]
[Source "ChessBase"]
[SourceDate "2008.11.26"]
[SourceVersion "1"]
[SourceVersionDate "2008.11.26"]
[SourceQuality "1"]

1. b4 e5 2. Bb2 Bxb4 3. Bxe5 Nf6 4. Nf3 Nc6 5. Bb2 d5 6. e3 0-0 7. Be2 Re8 8. 0-0 Bg4 9. d4 Ne4 10. c4 Bf8 11. Nc3 dxc4 12. Nxe4 Rxe4 13. Nd2 Bxe2 14. Qxe2 Re6 15. Qxc4 Ne7 16. e4 c6 17. f4 b5 18. Qb3 c5 19. d5 c4 20. Qc2 Rh6 21. f5 Nxd5 22. exd5 Bc5+ 1/2-1/2